Connexions #2 - Pays d'Afrique - Statistiques

Statistiques générales
  • Ce quiz a été pris 48 fois
  • Le résultat moyen est 147 sur 192
Statistiques - réponses
Question Tuile Select % Correct
Je ne possède pas de littoral. Algérie Non
96%
Je ne possède pas de littoral. Comores Non
96%
Je ne possède pas de littoral. Égypte Non
96%
Je ne possède pas de littoral. Libye Non
96%
Je ne possède pas de littoral. Madagascar Non
96%
Je ne possède pas de littoral. Maroc Non
96%
Je ne possède pas de littoral. Sao Tomé-et-Principe Non
96%
Je ne possède pas de littoral. Tunisie Non
96%
Je ne possède pas de littoral. Cap-Vert Non
94%
J'ai le français pour langue officielle. Cap-Vert Non
89%
J'ai le français pour langue officielle. Égypte Non
89%
J'ai le français pour langue officielle. Éthiopie Non
89%
Le Nil coule dans mon pays. Gabon Non
89%
J'ai le français pour langue officielle. Malawi Non
89%
Le Nil coule dans mon pays. Maroc Non
89%
Le Nil coule dans mon pays. Nigeria Non
89%
J'ai le français pour langue officielle. Ouganda Non
89%
J'ai le français pour langue officielle. Sao Tomé-et-Principe Non
89%
J'ai le français pour langue officielle. Zimbabwe Non
89%
Le Nil coule dans mon pays. Cap-Vert Non
87%
Je suis membre de l'OPEP (Organisation des pays exportateurs de pétrole). Cap-Vert Non
87%
Je fais partie du Maghreb. Cap-Vert Non
87%
J'ai plus de 100 millions d'habitants. Cap-Vert Non
87%
Je possède un athlète champion olympique de course de fond. Cap-Vert Non
87%
Le Nil coule dans mon pays. Comores Non
87%
Je suis membre de l'OPEP (Organisation des pays exportateurs de pétrole). Comores Non
87%
Je fais partie du Maghreb. Comores Non
87%
J'ai plus de 100 millions d'habitants. Comores Non
87%
Le Nil coule dans mon pays. Égypte Oui
87%
Ma capitale commence par un A. Égypte Non
87%
Mes terres sont traversées par l'équateur terrestre. Égypte Non
87%
Je fais partie du Maghreb. Éthiopie Non
87%
Je ne possède pas de littoral. Gabon Non
87%
Je fais partie du Maghreb. Gabon Non
87%
J'ai plus de 100 millions d'habitants. Gabon Non
87%
J'ai le français pour langue officielle. Libye Non
87%
Ma capitale commence par un A. Libye Non
87%
Je possède un athlète champion olympique de course de fond. Libye Non
87%
Le Nil coule dans mon pays. Madagascar Non
87%
Je suis membre de l'OPEP (Organisation des pays exportateurs de pétrole). Madagascar Non
87%
Je fais partie du Maghreb. Madagascar Non
87%
Je possède un croissant de lune sur mon drapeau. Madagascar Non
87%
Je suis membre de l'OPEP (Organisation des pays exportateurs de pétrole). Malawi Non
87%
Je fais partie du Maghreb. Malawi Non
87%
J'ai plus de 100 millions d'habitants. Malawi Non
87%
Ma capitale commence par un A. Maroc Non
87%
Je fais partie du Maghreb. Nigeria Non
87%
Je ne possède pas de littoral. Ouganda Oui
87%
Je fais partie du Maghreb. Ouganda Non
87%
Je fais partie du Maghreb. République démocratique du Congo Non
87%
Le Nil coule dans mon pays. Sao Tomé-et-Principe Non
87%
Je fais partie du Maghreb. Sao Tomé-et-Principe Non
87%
J'ai plus de 100 millions d'habitants. Sao Tomé-et-Principe Non
87%
Ma capitale commence par un A. Sao Tomé-et-Principe Non
87%
Ma capitale commence par un A. Tunisie Non
87%
Mes terres sont traversées par l'équateur terrestre. Tunisie Non
87%
Je ne possède pas de littoral. Zimbabwe Oui
87%
Le Nil coule dans mon pays. Zimbabwe Non
87%
Je suis membre de l'OPEP (Organisation des pays exportateurs de pétrole). Zimbabwe Non
87%
Je fais partie du Maghreb. Zimbabwe Non
87%
J'ai plus de 100 millions d'habitants. Zimbabwe Non
87%
Je possède un croissant de lune sur mon drapeau. Zimbabwe Non
87%
Le Nil coule dans mon pays. Algérie Non
85%
Je fais partie du Maghreb. Algérie Oui
85%
Je suis un pays insulaire. Algérie Non
85%
Je possède un croissant de lune sur mon drapeau. Cap-Vert Non
85%
Je suis un pays insulaire. Égypte Non
85%
Je possède un croissant de lune sur mon drapeau. Égypte Non
85%
Je suis un pays insulaire. Éthiopie Non
85%
Je possède un croissant de lune sur mon drapeau. Éthiopie Non
85%
Je suis un pays insulaire. Gabon Non
85%
Ma capitale commence par un A. Gabon Non
85%
Je possède un croissant de lune sur mon drapeau. Gabon Non
85%
Je suis un pays insulaire. Libye Non
85%
Mes terres sont traversées par l'équateur terrestre. Libye Non
85%
Je possède un athlète champion olympique de course de fond. Madagascar Non
85%
Je ne possède pas de littoral. Malawi Oui
85%
Je suis un pays insulaire. Malawi Non
85%
Je suis un pays insulaire. Maroc Non
85%
Je ne possède pas de littoral. Nigeria Non
85%
J'ai le français pour langue officielle. Nigeria Non
85%
Je suis un pays insulaire. Nigeria Non
85%
Je possède un croissant de lune sur mon drapeau. Nigeria Non
85%
J'ai plus de 100 millions d'habitants. Ouganda Non
85%
Je suis un pays insulaire. Ouganda Non
85%
Je possède un croissant de lune sur mon drapeau. Ouganda Non
85%
Je suis un pays insulaire. République démocratique du Congo Non
85%
Ma capitale commence par un A. République démocratique du Congo Non
85%
Je suis membre de l'OPEP (Organisation des pays exportateurs de pétrole). Sao Tomé-et-Principe Non
85%
Je possède un croissant de lune sur mon drapeau. Sao Tomé-et-Principe Non
85%
Le Nil coule dans mon pays. Tunisie Non
85%
Je fais partie du Maghreb. Tunisie Oui
85%
J'ai plus de 100 millions d'habitants. Tunisie Non
85%
Je suis un pays insulaire. Tunisie Non
85%
Je suis un pays insulaire. Zimbabwe Non
85%
Mes terres sont traversées par l'équateur terrestre. Zimbabwe Non
85%
Mes terres sont traversées par l'équateur terrestre. Algérie Non
83%
Ma capitale commence par un A. Cap-Vert Non
83%
Je suis allé en huitièmes de finale de coupe du monde de football masculine. Cap-Vert Non
83%
Je suis allé en huitièmes de finale de coupe du monde de football masculine. Comores Non
83%
Je possède un athlète champion olympique de course de fond. Comores Non
83%
J'ai plus de 100 millions d'habitants. Libye Non
83%
Je suis allé en huitièmes de finale de coupe du monde de football masculine. Libye Non
83%
J'ai plus de 100 millions d'habitants. Madagascar Non
83%
Mes terres sont traversées par l'équateur terrestre. Madagascar Non
83%
Je suis allé en huitièmes de finale de coupe du monde de football masculine. Malawi Non
83%
Je fais partie du Maghreb. Maroc Oui
83%
Ma capitale commence par un A. Ouganda Non
83%
Je suis allé en huitièmes de finale de coupe du monde de football masculine. Ouganda Non
83%
Je possède un croissant de lune sur mon drapeau. République démocratique du Congo Non
83%
Je suis allé en huitièmes de finale de coupe du monde de football masculine. Sao Tomé-et-Principe Non
83%
Je possède un athlète champion olympique de course de fond. Sao Tomé-et-Principe Non
83%
Je suis allé en huitièmes de finale de coupe du monde de football masculine. Zimbabwe Non
83%
Ma capitale commence par un A. Algérie Oui
81%
Je suis un pays insulaire. Comores Oui
81%
Ma capitale commence par un A. Comores Non
81%
Mes terres sont traversées par l'équateur terrestre. Comores Non
81%
Je suis allé en huitièmes de finale de coupe du monde de football masculine. Madagascar Non
81%
Je possède un croissant de lune sur mon drapeau. Malawi Non
81%
J'ai plus de 100 millions d'habitants. Maroc Non
81%
Mes terres sont traversées par l'équateur terrestre. Maroc Non
81%
Je suis membre de l'OPEP (Organisation des pays exportateurs de pétrole). Ouganda Non
81%
Je suis un pays insulaire. Sao Tomé-et-Principe Oui
81%
Je suis un pays insulaire. Cap-Vert Oui
79%
Je suis allé en huitièmes de finale de coupe du monde de football masculine. Éthiopie Non
79%
Je suis allé en huitièmes de finale de coupe du monde de football masculine. Gabon Non
79%
Je suis un pays insulaire. Madagascar Oui
79%
Ma capitale commence par un A. Malawi Non
79%
Je possède un athlète champion olympique de course de fond. Malawi Non
79%
Je possède un croissant de lune sur mon drapeau. Algérie Oui
77%
Mes terres sont traversées par l'équateur terrestre. Cap-Vert Non
77%
Je possède un athlète champion olympique de course de fond. Égypte Non
77%
Je possède un athlète champion olympique de course de fond. Gabon Non
77%
Le Nil coule dans mon pays. Malawi Non
77%
Mes terres sont traversées par l'équateur terrestre. Malawi Non
77%
J'ai plus de 100 millions d'habitants. Nigeria Oui
77%
J'ai plus de 100 millions d'habitants. République démocratique du Congo Oui
77%
Je suis allé en huitièmes de finale de coupe du monde de football masculine. République démocratique du Congo Non
77%
Ma capitale commence par un A. Zimbabwe Non
77%
Je possède un croissant de lune sur mon drapeau. Tunisie Oui
74%
Je suis membre de l'OPEP (Organisation des pays exportateurs de pétrole). Éthiopie Non
72%
Je suis allé en huitièmes de finale de coupe du monde de football masculine. Maroc Oui
72%
Je possède un croissant de lune sur mon drapeau. Maroc Non
72%
J'ai plus de 100 millions d'habitants. Égypte Oui
70%
Je suis membre de l'OPEP (Organisation des pays exportateurs de pétrole). Maroc Non
70%
Je ne possède pas de littoral. République démocratique du Congo Non
70%
Mes terres sont traversées par l'équateur terrestre. République démocratique du Congo Oui
70%
Je possède un athlète champion olympique de course de fond. République démocratique du Congo Non
70%
Je suis membre de l'OPEP (Organisation des pays exportateurs de pétrole). Tunisie Non
70%
Le Nil coule dans mon pays. Éthiopie Oui
68%
Mes terres sont traversées par l'équateur terrestre. Nigeria Non
68%
Je suis membre de l'OPEP (Organisation des pays exportateurs de pétrole). République démocratique du Congo Non
68%
Je possède un athlète champion olympique de course de fond. Zimbabwe Non
68%
Je possède un athlète champion olympique de course de fond. Éthiopie Oui
66%
Le Nil coule dans mon pays. Libye Non
66%
J'ai plus de 100 millions d'habitants. Algérie Non
64%
Je ne possède pas de littoral. Éthiopie Oui
64%
Je fais partie du Maghreb. Libye Oui
64%
Je possède un athlète champion olympique de course de fond. Algérie Non
62%
Je possède un croissant de lune sur mon drapeau. Comores Oui
62%
Ma capitale commence par un A. Éthiopie Oui
62%
Je suis membre de l'OPEP (Organisation des pays exportateurs de pétrole). Algérie Oui
60%
J'ai plus de 100 millions d'habitants. Éthiopie Oui
60%
Ma capitale commence par un A. Madagascar Oui
60%
Je fais partie du Maghreb. Égypte Non
57%
Je possède un athlète champion olympique de course de fond. Nigeria Non
57%
Je suis allé en huitièmes de finale de coupe du monde de football masculine. Algérie Oui
55%
J'ai le français pour langue officielle. République démocratique du Congo Oui
55%
Je suis allé en huitièmes de finale de coupe du monde de football masculine. Tunisie Non
55%
Je possède un croissant de lune sur mon drapeau. Libye Oui
53%
J'ai le français pour langue officielle. Madagascar Oui
53%
Je suis allé en huitièmes de finale de coupe du monde de football masculine. Nigeria Oui
53%
Le Nil coule dans mon pays. Ouganda Oui
53%
Mes terres sont traversées par l'équateur terrestre. Gabon Oui
51%
Mes terres sont traversées par l'équateur terrestre. Éthiopie Non
49%
Je suis membre de l'OPEP (Organisation des pays exportateurs de pétrole). Libye Oui
49%
Ma capitale commence par un A. Nigeria Oui
49%
J'ai le français pour langue officielle. Gabon Oui
47%
Je suis membre de l'OPEP (Organisation des pays exportateurs de pétrole). Égypte Non
45%
Je suis allé en huitièmes de finale de coupe du monde de football masculine. Égypte Oui
45%
Je possède un athlète champion olympique de course de fond. Ouganda Oui
43%
Je suis membre de l'OPEP (Organisation des pays exportateurs de pétrole). Nigeria Oui
40%
J'ai le français pour langue officielle. Algérie Non
38%
Mes terres sont traversées par l'équateur terrestre. Ouganda Oui
36%
J'ai le français pour langue officielle. Maroc Non
34%
J'ai le français pour langue officielle. Tunisie Non
34%
Je possède un athlète champion olympique de course de fond. Maroc Oui
32%
J'ai le français pour langue officielle. Comores Oui
30%
Mes terres sont traversées par l'équateur terrestre. Sao Tomé-et-Principe Oui
30%
Le Nil coule dans mon pays. République démocratique du Congo Oui
23%
Je suis membre de l'OPEP (Organisation des pays exportateurs de pétrole). Gabon Oui
15%
Je possède un athlète champion olympique de course de fond. Tunisie Oui
11%
Aucun quiz correspondant
Distribution des résultats
% des personnes avec chaque résultat
Percentile par nombre de réponses
Votre historique - résultats
Vous n’avez pas pris ce quiz